| 000 | 00754nas a2200241 4500 | ||
|---|---|---|---|
| 001 | BR7305346 | ||
| 003 | BR-BrBNA | ||
| 005 | 20231205082521.0 | ||
| 007 | ta | ||
| 008 | 230509b bl.|||p| |||| 00| 00por d | ||
| 040 |
_aBR-BrBNA _bpor _cBiblioteca Nacional de Agricultura |
||
| 041 | _a(Pt) | ||
| 072 | _aL73 | ||
| 100 | 1 | _aLangenegger, J. | |
| 100 | 1 | _aSecchin, H. | |
| 100 | 1 | _aBaptista, A.M. | |
| 245 | 1 | _aBursites Brucelicas na cernelha de bovinos de abate e cuidados sanitarios no matadouro | |
| 650 | _aGADO DE CORTE | ||
| 650 | _aBURSITE | ||
| 773 | 0 |
_tPesquisa Agropecuaria Brasileira. Serie Veterinaria (Brazil) _xISSN 0079-113X _g(1975), v. 10(8) p. 45-49 _wBR7305346 |
|
| 909 |
_a202311 _bLúcia _c55 _dLúcia Elande |
||
| 942 |
_2AGRIS _n0 _cANA |
||
| 999 |
_c92480 _d92480 |
||